00651nam a2200169 i 450000100060000000300090000600500170001500700030003200800410003510000410007624501310011726000510024830000220029985200220032199900170034395201210036026738ES-MaACL20251004063052.0t|030110s1920 fr ||||1| fre d1 aArréat, Lucien, d1841-192292323310aNos poètes et la pensée de leur temps b: romantiques parnassiens, symbolistes de Béranger à Samain / cLucien Arreat. aParis : bF. Alcan, c1920 (fImp. Barnéond) a148 p. ; c19 cm. aES-MaACLjF-12127 c26738d26738 00104070aATENEOMbATENEOMcSPP2d2008-01-17eSCl0oF-12127p1027595r2023-02-23 00:00:00w2023-02-23yMONOGRAFIA